Statistics for Top 15 Celebrities Born in 1937&1936

Click here to take the quiz!

General Stats

  • This quiz has been taken 107 times
  • The average score is 7 of 15

Answer Stats

Answer% Correct
Morgan Freeman
93%
Pope Francis
81%
Jack Nicholson
76%
Bill Cosby
68%
Jane Fonda
63%
Buddy Holly
61%
Dustin Hoffman
60%
Burt Reynolds
59%
Roy Orbison
52%
Mary Tyler Moore
36%
Dennis Hopper
27%
Michael Landon
27%
Vanessa Redgrave
20%
Roberta Flack
4%
Lois Lowry
1%

Score Distribution

Percentile by Number Answered

Percent of People with Each Score

Your Score History

You have not taken this quiz